Aston Villa Squad 24/25 - Statistics

General Stats
  • This quiz has been taken 133 times
    109 since last reset
  • The average score is 19 of 25
Answer Stats
# Nation Former Club Answer % Correct
2 Poland Nottingham Matty Cash
96%
11 England Brentford Ollie Watkins
94%
7 Scotland Hibernian John McGinn
92%
8 Belgium Leicester City Youri Tielemans
91%
23 Argentina Arsenal Emiliano Martinez
88%
24 Belgium Everton Amadou Onana
87%
9 Colombia Chicago Fire Jhon Duran
87%
3 Brazil Sevilla Diego Carlos
86%
4 England Brentford Ezri Konsa
86%
31 Jamaica Leverkusen Leon Bailey
86%
12 France Everton Lucas Digne
86%
14 Spain Villarreal Pau Torres
86%
10 Argentina Norwich City Emiliano Buendia
82%
5 England Bournemouth Tyrone Mings
79%
6 England Luton Town Ross Barkley
76%
22 Netherlands Chelsea Ian Maatsen
74%
41 England Youth Jacob Ramsey
74%
44 France Marseille Boubacar Kamara
73%
25 Sweden AS Roma Robin Olsen
73%
27 England Middlesbrough Morgan Rogers
72%
19 England Hull City Jaden Philogene
49%
18 Australia Adelaide United Joe Gauci
44%
26 Netherlands Youth Lamara Bogarde
44%
20 Serbia Red Star Kosta Nedeljkovic
37%
30 England Wolves Kortney Hause
36%
No matching quizzes found
Score Distribution
Percent of People with Each Score
Percentile by Number Answered
Your Score History
You have not taken this quiz since the last reset